| 000 | 00750nam a2200205Ii 4500 | ||
|---|---|---|---|
| 003 | JO-AjNU | ||
| 008 | 230605s9999||||xx |||||||||||||| ||und|| | ||
| 040 |
_aJO-AjNU _bara _erda _cJO-AjNU |
||
| 041 | _aara | ||
| 050 | 1 | 4 | _aPJ7538.M3622 1984 |
| 100 | 3 |
_aتأليف المقدسي، أنيس, _eauthor _933868 |
|
| 245 | 0 | 0 | _aالفنون الأدبية وأعلامها في النهضة العربية الحديثة |
| 250 | _aط4 | ||
| 264 | 3 | 1 | _aبيروت: دار العلم للملايين، 1984 |
| 300 | _a660ص | ||
| 336 |
_atext _btxt _2rdacontent |
||
| 337 |
_aunmediated _bn _2rdamedia |
||
| 338 |
_avolume _bnc _2rdacarrier |
||
| 650 | 4 |
_aالأدب العربي - تاريخ ونقد - الأدباء العرب - تراجم _933869 |
|
| 999 |
_aA13828 _c17396 _d17396 |
||